Perpetual contact : (Record no. 7836)

MARC details
000 -LEADER
fixed length control field 00764nam a22002172 4500
001 - CONTROL NUMBER
control field 0000009222
005 - DATE AND TIME OF LATEST TRANSACTION
control field 20151217152051.0
008 - FIXED-LENGTH DATA ELEMENTS--GENERAL INFORMATION
fixed length control field 080912s xx 000 0 eng d
020 ## - INTERNATIONAL STANDARD BOOK NUMBER
International Standard Book Number 0521002664 :
Terms of availability KES 2500
040 ## - CATALOGING SOURCE
Original cataloging agency KABU
Transcribing agency KABU
245 10 - TITLE STATEMENT
Title Perpetual contact :
Remainder of title mobile communication, private talk, public performance /
Statement of responsibility, etc. edited by James E. Katz and Mark A. Aakhus.
260 ## - PUBLICATION, DISTRIBUTION, ETC. (IMPRINT)
Place of publication, distribution, etc. Cambridge :
Name of publisher, distributor, etc. C. U. P.,
Date of publication, distribution, etc. 2002.
300 ## - PHYSICAL DESCRIPTION
Extent xxiv, 391 p.
650 #0 - SUBJECT ADDED ENTRY--TOPICAL TERM
Topical term or geographic name as entry element Cellular telephones
General subdivision Social aspects.
-- 0000160317
650 #0 - SUBJECT ADDED ENTRY--TOPICAL TERM
Topical term or geographic name as entry element Wireless communication systems
General subdivision Social aspects.
-- 0000160318
700 1# - ADDED ENTRY--PERSONAL NAME
Personal name Katz, James E.
-- 0000160319
700 1# - ADDED ENTRY--PERSONAL NAME
Personal name Aakhus, Mark A.
-- 0000160320
908 ## - PUT COMMAND PARAMETER (RLIN)
Put command parameter 080912
950 ## - LOCAL HOLDINGS (RLIN)
-- 1
Holdings
Withdrawn status Lost status Source of classification or shelving scheme Not for loan Home library Current library Date acquired Total Checkouts Full call number Barcode Date last seen Date last checked out Price effective from Koha item type
    Library of Congress Classification   Kabarak, Main Campus Kabarak, Main Campus 17/12/2015 1 HE9713 .P47 c. 1 009124 02/08/2024 15/07/2016 17/12/2015 General Collection
Designed with assistance from East African Informatics Ltd